奈良県の駅利用客数ランキング2024 - Statistics

General Stats
  • This quiz has been taken 461 times
  • The average score is 11 of 15
Answer Stats
会社 答え % Correct
JR 奈良
98%
近鉄 大和西大寺
93%
近鉄 生駒
92%
JR,近鉄 王寺
91%
近鉄 近鉄奈良
90%
近鉄 大和八木
87%
近鉄 橿原神宮前
84%
近鉄 学園前
77%
JR,近鉄 桜井
77%
近鉄 新大宮
71%
近鉄 高の原
61%
近鉄 五位堂
56%
近鉄 近鉄郡山
54%
近鉄 東生駒
50%
近鉄 富雄
45%
No matching quizzes found
Score Distribution
Percent of People with Each Score
Percentile by Number Answered
Your Score History
You have not taken this quiz